[Event "2. Open Patrimonio de la Humanidad"]
[Site "Alcalá de Henares ESP"]
[Date "2007.10.09"]
[Round "3.15"]
[White "Caravaca Aguirre, Antonio"]
[Black "Roa Alonso, Santiago"]
[Result "0-1"]
[WhiteElo "2102"]
[BlackElo "2451"]
[PlyCount "80"]
[EventDate "2007.10.07"]
[EventType "swiss"]
[EventRounds "9"]
[EventCountry "ESP"]
[Source "lmi"]
[SourceDate "2007.10.07"]

1. Nf3 Nf6 2. g3 b6 3. Bg2 Bb7 4. c4 c5 5. Nc3 e6 6. O-O Be7 7. b3 O-O 8. Bb2
d5 9. e3 dxc4 10. bxc4 Nc6 11. d3 Rc8 12. Qe2 Qc7 13. Rac1 Qb8 14. Nd2 Rfd8 15.
Rfd1 Rd7 16. f4 Rcd8 17. Nf3 a6 18. Ba1 Ne8 19. g4 b5 20. Ne4 bxc4 21. Rxc4 Nb4
22. Ne5 Rc7 23. g5 Bd5 24. Rc3 Nxa2 25. Ra3 Nb4 26. Qh5 Bf8 27. Ng4 Nc2 28.
Ngf6+ Nxf6 29. Nxf6+ gxf6 30. gxf6 Nxa3 31. e4 Ba8 32. Be5 c4 33. d4 c3 34. Kh1
c2 35. Rg1 c1=Q 36. Bf1+ Kh8 37. d5 Qbb1 38. Qg5 Qxe4+ 39. Bg2 Qxg1+ 40. Kxg1
Rc1+ 0-1

[Event "2. Open Patrimonio de la Humanidad"]
[Site "Alcalá de Henares ESP"]
[Date "2007.10.09"]
[Round "3.16"]
[White "Almagro Llamas, Pablo"]
[Black "Adan Bermudez, Sergio"]
[Result "1-0"]
[WhiteElo "2429"]
[BlackElo "2054"]
[PlyCount "69"]
[EventDate "2007.10.07"]
[EventType "swiss"]
[EventRounds "9"]
[EventCountry "ESP"]
[Source "lmi"]
[SourceDate "2007.10.07"]

1. e4 c5 2. Nf3 Nc6 3. Bb5 g6 4. Bxc6 dxc6 5. h3 Bg7 6. Nc3 Nf6 7. d3 Nd7 8.
Be3 e5 9. Qd2 h6 10. Nh2 Qe7 11. Ne2 Nf8 12. c3 f5 13. f4 Be6 14. fxe5 fxe4 15.
d4 cxd4 16. cxd4 g5 17. Nc3 Rd8 18. Qe2 Ng6 19. O-O h5 20. Nxe4 Nf4 21. Bxf4
gxf4 22. Nf6+ Bxf6 23. exf6 Qxf6 24. Rxf4 Qe7 25. Re1 Rd6 26. Re4 Kd7 27. Nf3
Rh6 28. Qe3 Qg7 29. Ng5 Qe7 30. g3 h4 31. Nxe6 Rdxe6 32. Rxe6 Rxe6 33. Qxe6+
Qxe6 34. Rxe6 Kxe6 35. gxh4 1-0

[Event "2. Open Patrimonio de la Humanidad"]
[Site "Alcalá de Henares ESP"]
[Date "2007.10.09"]
[Round "3.17"]
[White "Pogorelov, Ruslan"]
[Black "Vazquez Gonzalez, Jesus"]
[Result "1-0"]
[WhiteElo "2411"]
[BlackElo "2049"]
[PlyCount "51"]
[EventDate "2007.10.07"]
[EventType "swiss"]
[EventRounds "9"]
[EventCountry "ESP"]
[Source "lmi"]
[SourceDate "2007.10.07"]

1. Nf3 d5 2. d4 c6 3. c4 Nf6 4. Qb3 e6 5. Bg5 Nbd7 6. Nc3 Be7 7. e3 h6 8. Bh4
O-O 9. Rd1 b6 10. Bd3 Bb7 11. O-O Rc8 12. cxd5 Nxd5 13. Bg3 f5 14. e4 Nxc3 15.
bxc3 f4 16. Qxe6+ Kh8 17. e5 Qe8 18. Bh4 Bxh4 19. Qxe8 Bxf2+ 20. Rxf2 Rfxe8 21.
Nh4 g5 22. Nf5 Rc7 23. Nxh6 Nf8 24. h4 Ne6 25. hxg5 Nxg5 26. Rxf4 1-0

[Event "2. Open Patrimonio de la Humanidad"]
[Site "Alcalá de Henares ESP"]
[Date "2007.10.09"]
[Round "3.18"]
[White "Lacrosse, Marc"]
[Black "Perez Cameselle, Francisco"]
[Result "1-0"]
[WhiteElo "2254"]
[BlackElo "1997"]
[PlyCount "71"]
[EventDate "2007.10.07"]
[EventType "swiss"]
[EventRounds "9"]
[EventCountry "ESP"]
[Source "lmi"]
[SourceDate "2007.10.07"]

1. d4 Nf6 2. c4 c5 3. d5 e6 4. Nc3 exd5 5. cxd5 d6 6. e4 g6 7. Bd3 Bg7 8. h3
O-O 9. Nf3 Re8 10. O-O Na6 11. Re1 Nc7 12. a4 b6 13. Bf4 a6 14. Qd2 Rb8 15. Bg5
b5 16. axb5 axb5 17. e5 dxe5 18. Nxe5 Bb7 19. d6 Qxd6 20. Bxg6 Qxd2 21. Bxf7+
Kf8 22. Bxd2 Rxe5 23. Rxe5 Kxf7 24. Rxc5 Ne6 25. Rxb5 Nd4 26. Bf4 Nxb5 27. Bxb8
Nxc3 28. Ra7 Ncd5 29. Rxb7+ Kg6 30. Be5 Bf8 31. g4 h5 32. Bxf6 Nxf6 33. f3 Bc5+
34. Kh1 Be3 35. Rb5 h4 36. Rf5 1-0

[Event "2. Open Patrimonio de la Humanidad"]
[Site "Alcalá de Henares ESP"]
[Date "2007.10.09"]
[Round "3.21"]
[White "Crespo Villalba, Israel"]
[Black "Sanchez Gonzalez, Sergio"]
[Result "0-1"]
[WhiteElo "1952"]
[BlackElo "2177"]
[PlyCount "76"]
[EventDate "2007.10.07"]
[EventType "swiss"]
[EventRounds "9"]
[EventCountry "ESP"]
[Source "lmi"]
[SourceDate "2007.10.07"]

1. e4 c5 2. Nf3 d6 3. d4 Nf6 4. Nc3 cxd4 5. Nxd4 e6 6. Be3 a6 7. Be2 Be7 8. Qd2
b5 9. a3 Bb7 10. f3 Nbd7 11. O-O Nb6 12. Qe1 O-O 13. Qf2 Nfd7 14. Nb3 Nc4 15.
Bc1 Qc7 16. Nd2 Ncb6 17. Nb3 d5 18. exd5 Nxd5 19. Nxd5 Bxd5 20. Bd3 Ne5 21. Be4
Bxe4 22. fxe4 Qc4 23. Qd4 Qxc2 24. Qxe5 Qxb3 25. Bd2 Rfd8 26. Bc3 f6 27. Qc7
Bd6 28. Qb7 e5 29. Rac1 a5 30. Rf3 Bc5+ 31. Kf1 Qc4+ 32. Ke1 Rab8 33. Qa6 Qxe4+
34. Kf1 Qc4+ 35. Ke1 Qg4 36. Rg3 Qe4+ 37. Kf1 Qf4+ 38. Ke2 Qxc1 0-1

[Event "2. Open Patrimonio de la Humanidad"]
[Site "Alcalá de Henares ESP"]
[Date "2007.10.09"]
[Round "3.22"]
[White "De La Fuente Gonzalez, Francisco"]
[Black "Collado Barbas, Laura"]
[Result "1-0"]
[WhiteElo "2233"]
[BlackElo "1940"]
[PlyCount "149"]
[EventDate "2007.10.07"]
[EventType "swiss"]
[EventRounds "9"]
[EventCountry "ESP"]
[Source "lmi"]
[SourceDate "2007.10.07"]

1. c4 e6 2. g3 d5 3. Bg2 Nf6 4. Nf3 c6 5. b3 Nbd7 6. Bb2 Be7 7. O-O O-O 8. d4
b6 9. Nc3 Bb7 10. cxd5 exd5 11. Ne5 Re8 12. e4 dxe4 13. Nxe4 Nxe5 14. dxe5 Nd5
15. Rc1 Rc8 16. Qg4 g6 17. Rfd1 Rc7 18. Nf6+ Bxf6 19. exf6 Rd7 20. Qh4 Nxf6 21.
Rxd7 Nxd7 22. Qd4 f6 23. Rd1 Re7 24. Qc4+ Kg7 25. Bxc6 Bxc6 26. Qxc6 Rf7 27.
Qb7 Qe8 28. Qc6 Qe7 29. Qd6 Qe2 30. Qd2 Qg4 31. Re1 Nc5 32. Qd4 Qf5 33. g4 Qg5
34. Qc4 h5 35. h3 hxg4 36. hxg4 Qd2 37. Qe2 Qxe2 38. Rxe2 g5 39. Rd2 Kg6 40. f3
Ne6 41. Rd6 Nc5 42. Kg2 Nb7 43. Rc6 Nc5 44. Ba3 Nd3 45. Bd6 Rd7 46. Kg3 Rf7 47.
b4 Rd7 48. b5 Kh6 49. a4 Kg6 50. Bb8 Kf7 51. a5 bxa5 52. Ra6 Rb7 53. Rxa7 Rxa7
54. Bxa7 a4 55. Bd4 a3 56. b6 Nb4 57. b7 Nc6 58. Bc3 Kg6 59. Kf2 f5 60. Ke3
fxg4 61. fxg4 Kf7 62. Ke4 Ke6 63. Kd3 Kd6 64. Ke4 Ke6 65. Ba1 Nb8 66. Kd4 Kd6
67. Ke4 Ke6 68. Be5 Nc6 69. b8=Q Nxb8 70. Bxb8 a2 71. Be5 Ke7 72. Kf5 Kf7 73.
Kxg5 Ke6 74. Ba1 Kf7 75. Kh6 1-0

[Event "2. Open Patrimonio de la Humanidad"]
[Site "Alcalá de Henares ESP"]
[Date "2007.10.09"]
[Round "3.23"]
[White "Sanchez, Nicolas"]
[Black "Sanz Esteban, Eduardo"]
[Result "1-0"]
[WhiteElo "2201"]
[BlackElo "1939"]
[PlyCount "79"]
[EventDate "2007.10.07"]
[EventType "swiss"]
[EventRounds "9"]
[EventCountry "ESP"]
[Source "lmi"]
[SourceDate "2007.10.07"]

1. d4 d5 2. Nf3 e6 3. c4 c5 4. cxd5 exd5 5. g3 Nf6 6. Bg2 Nc6 7. O-O Be7 8. Nc3
O-O 9. dxc5 Bxc5 10. Bg5 d4 11. Bxf6 Qxf6 12. Nd5 Qd8 13. Nd2 Re8 14. Nf4 Bg4
15. h3 Bf5 16. Qb3 g5 17. Nd3 Bb6 18. Qb5 Bg6 19. Rfe1 a6 20. Qa4 Ba5 21. b4
Bxd3 22. exd3 Rxe1+ 23. Rxe1 Bc7 24. Bxc6 bxc6 25. Qxc6 Rb8 26. a3 a5 27. b5
Rb6 28. Re8+ Kg7 29. Rxd8 Rxc6 30. bxc6 Bxd8 31. Nb3 Kf8 32. Nxd4 Ke7 33. Nb5
Bb6 34. Kf1 h5 35. Ke2 f5 36. f3 Bc5 37. d4 Bb6 38. d5 Bc5 39. g4 hxg4 40. hxg4
1-0

[Event "2. Open Patrimonio de la Humanidad"]
[Site "Alcalá de Henares ESP"]
[Date "2007.10.09"]
[Round "3.24"]
[White "Ruano Marco, Javier"]
[Black "Alvarez Escudero, Manuel"]
[Result "1-0"]
[WhiteElo "2177"]
[BlackElo "1936"]
[PlyCount "97"]
[EventDate "2007.10.07"]
[EventType "swiss"]
[EventRounds "9"]
[EventCountry "ESP"]
[Source "lmi"]
[SourceDate "2007.10.07"]

1. e4 e5 2. Nf3 Nc6 3. d4 exd4 4. Nxd4 Nxd4 5. Qxd4 Ne7 6. c4 Nc6 7. Qe3 Bb4+
8. Nc3 O-O 9. Be2 d6 10. O-O Bc5 11. Qg3 Bd4 12. Kh1 f5 13. exf5 Bxf5 14. Nd5
Qd7 15. Qb3 b6 16. Bf3 Rae8 17. Bd2 Bc5 18. Bc3 Nd4 19. Bxd4 Bxd4 20. c5 Be6
21. Bg4 Bxc5 22. Bxe6+ Qxe6 23. Rae1 Qf7 24. Ne7+ Rxe7 25. Rxe7 Qxb3 26. axb3
Rf7 27. Re8+ Rf8 28. Rxf8+ Kxf8 29. f4 Bd4 30. Rc1 c5 31. Rc2 Ke7 32. g4 h6 33.
Kg2 d5 34. h4 Bf6 35. g5 Bd4 36. Kf3 hxg5 37. fxg5 Kd6 38. h5 Kc6 39. h6 gxh6
40. gxh6 Kb5 41. Rd2 Bf6 42. Rxd5 Bxb2 43. Ke4 Kb4 44. Re5 Kxb3 45. h7 Bxe5 46.
Kxe5 c4 47. h8=Q c3 48. Qh3 Kb2 49. Kd4 1-0

[Event "2. Open Patrimonio de la Humanidad"]
[Site "Alcalá de Henares ESP"]
[Date "2007.10.09"]
[Round "3.25"]
[White "Rodriguez Diaz, Alberto Jose"]
[Black "Barez Menendez, Hector"]
[Result "1/2-1/2"]
[WhiteElo "1938"]
[BlackElo "2169"]
[PlyCount "80"]
[EventDate "2007.10.07"]
[EventType "swiss"]
[EventRounds "9"]
[EventCountry "ESP"]
[Source "lmi"]
[SourceDate "2007.10.07"]

1. e4 e5 2. Nf3 f5 3. Nxe5 Qf6 4. d4 d6 5. Nc4 fxe4 6. Nc3 Qg6 7. f3 exf3 8.
Qxf3 Nc6 9. Nb5 Bg4 10. Bd3 Qe6+ 11. Qe3 O-O-O 12. O-O Qxe3+ 13. Bxe3 Nb4 14.
Bf5+ Bxf5 15. Rxf5 Nxc2 16. Rc1 Nxe3 17. Nxe3 c6 18. d5 c5 19. Nxa7+ Kb8 20.
Nb5 Nh6 21. Rf4 Be7 22. Nc4 Rdf8 23. Re4 Bd8 24. Ncxd6 Nf5 25. Nxf5 Rxf5 26.
Rd1 Rhf8 27. d6 c4 28. Nc7 Bxc7 29. dxc7+ Kxc7 30. Rxc4+ Kb8 31. Rc2 R8f7 32.
h3 Ka7 33. Kh2 h5 34. Rdd2 h4 35. Rc4 g5 36. Rcd4 Rf1 37. Rd5 Re1 38. g3 Rff1
39. gxh4 gxh4 40. R5d3 Rh1+ 1/2-1/2

[Event "2. Open Patrimonio de la Humanidad"]
[Site "Alcalá de Henares ESP"]
[Date "2007.10.09"]
[Round "3.26"]
[White "Manzanares Campillo, Andres"]
[Black "Gago Padreny, Ignacio"]
[Result "1/2-1/2"]
[WhiteElo "1926"]
[BlackElo "2157"]
[PlyCount "100"]
[EventDate "2007.10.07"]
[EventType "swiss"]
[EventRounds "9"]
[EventCountry "ESP"]
[Source "lmi"]
[SourceDate "2007.10.07"]

1. Nf3 Nf6 2. c4 b6 3. d4 e6 4. Nc3 Bb7 5. a3 d5 6. cxd5 Nxd5 7. e3 g6 8. Be2
Bg7 9. Bd2 O-O 10. O-O Nd7 11. Rc1 c5 12. Nxd5 Bxd5 13. Bc3 Qe7 14. dxc5 Bxc3
15. Rxc3 Nxc5 16. Nd2 Rad8 17. Qc2 Bb7 18. Rc1 e5 19. b4 Ne6 20. Bf3 Ba6 21.
Nb3 h6 22. Bc6 Bc8 23. Qe4 Ng5 24. Qc4 Be6 25. Qe2 Rc8 26. Nd2 Rfd8 27. f3 Qd6
28. Ne4 Nxe4 29. Bxe4 Rxc3 30. Rxc3 Qd1+ 31. Qxd1 Rxd1+ 32. Kf2 Rd2+ 33. Kf1
Ra2 34. Bc2 Bd7 35. Bd3 Be6 36. h3 a5 37. bxa5 bxa5 38. Bb5 Rb2 39. Bc4 Bxc4+
40. Rxc4 Rb3 41. Ra4 Rxe3 42. Rxa5 f5 43. Kf2 f4 44. Ra7 Rb3 45. a4 Rb2+ 46.
Kf1 Ra2 47. a5 g5 48. a6 Ra1+ 49. Kf2 Ra2+ 50. Kf1 Ra1+ 1/2-1/2

[Event "2. Open Patrimonio de la Humanidad"]
[Site "Alcalá de Henares ESP"]
[Date "2007.10.09"]
[Round "3.27"]
[White "Ramos Aldoradin, John Paul"]
[Black "Hernandez Del Can, Jose"]
[Result "1-0"]
[WhiteElo "2129"]
[BlackElo "1914"]
[PlyCount "25"]
[EventDate "2007.10.07"]
[EventType "swiss"]
[EventRounds "9"]
[EventCountry "ESP"]
[Source "lmi"]
[SourceDate "2007.10.07"]

1. Nf3 Nf6 2. d3 d5 3. Nbd2 g6 4. g3 Bg7 5. Bg2 c6 6. O-O O-O 7. e4 e6 8. e5
Nfd7 9. d4 c5 10. c3 cxd4 11. cxd4 Nc6 12. Nb3 b6 13. Bd2 1-0

[Event "2. Open Patrimonio de la Humanidad"]
[Site "Alcalá de Henares ESP"]
[Date "2007.10.09"]
[Round "3.29"]
[White "Vilarnovo Caamaño, Jose"]
[Black "Valderrama Arroyo, Victor"]
[Result "1-0"]
[WhiteElo "2101"]
[BlackElo "1891"]
[PlyCount "31"]
[EventDate "2007.10.07"]
[EventType "swiss"]
[EventRounds "9"]
[EventCountry "ESP"]
[Source "lmi"]
[SourceDate "2007.10.07"]

1. e4 c5 2. b4 cxb4 3. Bb2 d6 4. d4 Nf6 5. Bd3 Nbd7 6. e5 dxe5 7. dxe5 Nxe5 8.
Bxe5 Qa5 9. Bb2 Be6 10. Nd2 Rd8 11. Ngf3 g6 12. O-O Bh6 13. Nb3 Qh5 14. Ne5 Ng4
15. Bb5+ Bd7 16. Bxd7+ 1-0

[Event "2. Open Patrimonio de la Humanidad"]
[Site "Alcalá de Henares ESP"]
[Date "2007.10.09"]
[Round "3.30"]
[White "Cobelas Rodriguez, Pilar"]
[Black "Gomez Gonzalez, Javier"]
[Result "1/2-1/2"]
[WhiteElo "1922"]
[BlackElo "2085"]
[PlyCount "109"]
[EventDate "2007.10.07"]
[EventType "swiss"]
[EventRounds "9"]
[EventCountry "ESP"]
[Source "lmi"]
[SourceDate "2007.10.07"]

1. e4 e5 2. Nf3 Nc6 3. Bb5 a6 4. Ba4 Nf6 5. O-O b5 6. Bb3 Be7 7. c3 O-O 8. d4
exd4 9. e5 Ne4 10. cxd4 d5 11. h3 Na5 12. Bc2 c5 13. dxc5 Bxc5 14. Nbd2 Bb7 15.
Nxe4 dxe4 16. Ng5 Qd4 17. e6 Qxd1 18. exf7+ Rxf7 19. Bxd1 Re7 20. h4 Bd4 21.
Bg4 Rae8 22. Rb1 Nc4 23. b3 Ne5 24. Bh5 g6 25. Be2 Nd3 26. Ba3 Rc7 27. Bxd3
exd3 28. Rbd1 Rd7 29. Bb4 h6 30. Nh3 Be5 31. Bd2 Bg7 32. Be3 Bc3 33. Bxh6 Re2
34. Nf4 Rd2 35. Rxd2 Bxd2 36. Rd1 Bxf4 37. Bxf4 Kf7 38. Rd2 Ke6 39. f3 b4 40.
Kf2 a5 41. Ke3 Ba6 42. g4 Kd5 43. Kf2 Kd4 44. Ke1 Rf7 45. Bg3 Rxf3 46. Bf2+ Kc3
47. Kd1 Rh3 48. Be1 Kd4 49. Bf2+ Ke4 50. Kc1 Bb5 51. Bb6 Rxh4 52. Bxa5 Rxg4 53.
Bxb4 Rg1+ 54. Kb2 g5 55. Bc5 1/2-1/2

[Event "2. Open Patrimonio de la Humanidad"]
[Site "Alcalá de Henares ESP"]
[Date "2007.10.09"]
[Round "3.31"]
[White "Paniagua Tineo, Arturo"]
[Black "Alcala Cuesta, Miguel"]
[Result "1-0"]
[WhiteElo "2049"]
[BlackElo "1867"]
[PlyCount "56"]
[EventDate "2007.10.07"]
[EventType "swiss"]
[EventRounds "9"]
[EventCountry "ESP"]
[Source "lmi"]
[SourceDate "2007.10.07"]

1. d4 d5 2. c4 c6 3. Nf3 Nf6 4. e3 e6 5. Nc3 Nbd7 6. Qc2 Bd6 7. g4 h6 8. Bd2
Qe7 9. O-O-O Nxg4 10. Be1 Ngf6 11. Rg1 g5 12. h3 dxc4 13. Bxc4 Nb6 14. Bf1 e5
15. dxe5 Bxe5 16. Ne2 Nbd5 17. Ned4 Bd7 18. Nf5 Bxf5 19. Qxf5 Nd7 20. e4 N5b6
21. Kb1 Bf6 22. h4 gxh4 23. Bh3 Ne5 24. Bc3 Nbd7 25. Nxe5 Nxe5 26. f4 Nf3 27.
Bxf6 Qe6 28. Qxe6+ fxe6 1-0

[Event "2. Open Patrimonio de la Humanidad"]
[Site "Alcalá de Henares ESP"]
[Date "2007.10.09"]
[Round "3.32"]
[White "Martinez Escribano, Jose Angel"]
[Black "Gutierrez Garcia, Alberto"]
[Result "1-0"]
[WhiteElo "2027"]
[BlackElo "1838"]
[PlyCount "120"]
[EventDate "2007.10.07"]
[EventType "swiss"]
[EventRounds "9"]
[EventCountry "ESP"]
[Source "lmi"]
[SourceDate "2007.10.07"]

1. e4 e5 2. Nf3 Nc6 3. Bb5 Nd4 4. Nxd4 exd4 5. O-O Qh4 6. d3 Nf6 7. Nd2 Bc5 8.
Nf3 Qh5 9. Bf4 c6 10. Bc4 d5 11. exd5 Nxd5 12. Re1+ Be6 13. Bxd5 cxd5 14. h3
O-O 15. Re5 Bf5 16. g4 Qxh3 17. gxf5 Bd6 18. Ng5 Qh4 19. Qf3 Bxe5 20. Bxe5
Qxg5+ 21. Kh2 Qh4+ 22. Kg2 Rad8 23. Rh1 Qg5+ 24. Kh3 Rfe8 25. Bxd4 Rd6 26. f6
gxf6 27. Be3 Rxe3 28. Qxe3 Qh5+ 29. Kg2 Qg4+ 30. Kf1 Re6 31. Qg3 Qxg3 32. fxg3
Re3 33. Kf2 d4 34. Rh4 Re5 35. Rxd4 f5 36. a4 a5 37. c4 Rc5 38. Rd6 Re5 39. Rb6
Re6 40. Rxb7 Rd6 41. Rb5 Rxd3 42. Rxa5 Rd2+ 43. Kf3 Rxb2 44. Rb5 Rc2 45. c5
Rc3+ 46. Kg2 Kf8 47. a5 Rc2+ 48. Kf3 Rc3+ 49. Kf4 Ke7 50. a6 Kd7 51. a7 Ra3 52.
Rb7+ Kc6 53. Rxf7 Kxc5 54. Rxh7 Kb6 55. Kxf5 Ra5+ 56. Kf6 Ra6 57. g4 Kc5+ 58.
Kf5 Kd4 59. g5 Ra5+ 60. Kg6 Ke5 1-0

[Event "2. Open Patrimonio de la Humanidad"]
[Site "Alcalá de Henares ESP"]
[Date "2007.10.09"]
[Round "3.33"]
[White "Wehmeier, Manuel"]
[Black "Martinez Miura, Enrique"]
[Result "1-0"]
[WhiteElo "2013"]
[BlackElo "1809"]
[PlyCount "59"]
[EventDate "2007.10.07"]
[EventType "swiss"]
[EventRounds "9"]
[EventCountry "ESP"]
[Source "lmi"]
[SourceDate "2007.10.07"]

1. d4 e6 2. Nf3 d5 3. c4 c6 4. Nc3 Nf6 5. Bg5 Be7 6. c5 Nbd7 7. h3 h6 8. Bf4
O-O 9. e3 b6 10. b4 b5 11. Bd3 Bb7 12. O-O a5 13. a3 a4 14. Re1 Qc8 15. g4 Nh7
16. h4 Qd8 17. Qc2 f5 18. gxf5 exf5 19. Bxf5 Ndf6 20. Be6+ Kh8 21. Ne5 g5 22.
hxg5 hxg5 23. Bg3 Qe8 24. Qg6 Bc8 25. Bf7 Qd8 26. Kg2 Bg4 27. Rh1 Qc8 28. Nxg4
Qxg4 29. Rxh7+ Nxh7 30. Rh1 1-0

[Event "2. Open Patrimonio de la Humanidad"]
[Site "Alcalá de Henares ESP"]
[Date "2007.10.09"]
[Round "3.35"]
[White "Bote Kobolo, Benjamin"]
[Black "Toranzo Fernandez, Dionisio"]
[Result "1-0"]
[WhiteElo "1894"]
[BlackElo "2009"]
[PlyCount "41"]
[EventDate "2007.10.07"]
[EventType "swiss"]
[EventRounds "9"]
[EventCountry "ESP"]
[Source "lmi"]
[SourceDate "2007.10.07"]

1. e4 c5 2. Nc3 Nc6 3. Nf3 e6 4. h3 a6 5. a4 Be7 6. Bc4 d6 7. d4 cxd4 8. Nxd4
Nf6 9. Be3 Nxe4 10. Nxe4 d5 11. Nxc6 bxc6 12. Qg4 dxe4 13. Qxg7 Bf6 14. Qg4
Qa5+ 15. Bd2 Qf5 16. Qg3 Be5 17. Qa3 Qf6 18. Qc5 Bd7 19. c3 Bc7 20. Bg5 Bb6 21.
Bxf6 1-0

[Event "2. Open Patrimonio de la Humanidad"]
[Site "Alcalá de Henares ESP"]
[Date "2007.10.09"]
[Round "3.36"]
[White "Collado Barbas, Alberto"]
[Black "Garcia Roman, Jose Luis Machado"]
[Result "1/2-1/2"]
[WhiteElo "1886"]
[BlackElo "1991"]
[PlyCount "108"]
[EventDate "2007.10.07"]
[EventType "swiss"]
[EventRounds "9"]
[EventCountry "ESP"]
[Source "lmi"]
[SourceDate "2007.10.07"]

1. d4 f5 2. c4 Nf6 3. g3 g6 4. Bg2 Bg7 5. Nc3 e6 6. Nh3 d6 7. Bg5 h6 8. Bxf6
Qxf6 9. Nb5 Qf7 10. Nf4 Na6 11. h4 g5 12. Qa4 O-O 13. hxg5 hxg5 14. Nh5 Bh8 15.
Qc2 Qe7 16. O-O-O c6 17. Nc3 Rb8 18. g4 Nb4 19. Qd2 Bd7 20. f4 d5 21. fxg5 f4
22. Rh2 Qxg5 23. Rdh1 Bxd4 24. Qxd4 f3+ 25. Qd2 Qxd2+ 26. Kxd2 fxg2 27. Rxg2
Be8 28. g5 Bg6 29. Nf6+ Kg7 30. Nd7 Rh8 31. Rf1 Rbd8 32. Nc5 dxc4+ 33. Kc1 Rde8
34. Nxb7 Nd5 35. Nc5 Ne3 36. Rgf2 Nxf1 37. Rxf1 Rhf8 38. Rd1 Rf5 39. Rd7+ Kh8
40. N3e4 Rd5 41. Rxa7 Red8 42. Re7 Rd1+ 43. Kc2 R8d2+ 44. Kc3 Rxe2 45. Rxe6
Rc1+ 46. Kd4 Bf7 47. Rxc6 Rxb2 48. Rc8+ Kg7 49. Rc7 Rxa2 50. Ne6+ Kg6 51. Nf8+
Kg7 52. Ne6+ Kg6 53. Nf8+ Kg7 54. Ne6+ Kg6 1/2-1/2

[Event "2. Open Patrimonio de la Humanidad"]
[Site "Alcalá de Henares ESP"]
[Date "2007.10.09"]
[Round "3.38"]
[White "Rodriguez Bachiller, Luis"]
[Black "Avendaño Mateos, Jose"]
[Result "1/2-1/2"]
[WhiteElo "1871"]
[BlackElo "1982"]
[PlyCount "68"]
[EventDate "2007.10.07"]
[EventType "swiss"]
[EventRounds "9"]
[EventCountry "ESP"]
[Source "lmi"]
[SourceDate "2007.10.07"]

1. e4 c6 2. d4 d5 3. Nc3 dxe4 4. Nxe4 Bf5 5. Ng3 Bg6 6. h4 h6 7. Nf3 Nd7 8. Bd3
Bxd3 9. Qxd3 Ngf6 10. Bd2 e6 11. O-O-O Qc7 12. Ne4 O-O-O 13. g3 Nc5 14. Nxc5
Bxc5 15. c4 Bd6 16. Bc3 Rhe8 17. Qc2 c5 18. d5 Kb8 19. Rhe1 exd5 20. Rxe8 Rxe8
21. Bxf6 gxf6 22. Rxd5 Be5 23. Nxe5 Rxe5 24. Rxe5 fxe5 25. Qd2 Qb6 26. Qd5 a6
27. Qxe5+ Ka7 28. Qh5 Qb4 29. Qe2 Qb6 30. b3 Qf6 31. Qe3 Qa1+ 32. Kc2 Qxa2+ 33.
Kc3 Qa5+ 34. Kb2 Qb6 1/2-1/2

[Event "2. Open Patrimonio de la Humanidad"]
[Site "Alcalá de Henares ESP"]
[Date "2007.10.09"]
[Round "3.39"]
[White "Garcia Serrano, Jose Manuel"]
[Black "Arauz Alonso, Fernando"]
[Result "0-1"]
[WhiteElo "1867"]
[BlackElo "1965"]
[PlyCount "72"]
[EventDate "2007.10.07"]
[EventType "swiss"]
[EventRounds "9"]
[EventCountry "ESP"]
[Source "lmi"]
[SourceDate "2007.10.07"]

1. e4 c6 2. Nf3 d5 3. Nc3 Bg4 4. h3 Bxf3 5. Qxf3 e6 6. a3 Nd7 7. exd5 exd5 8.
d4 Bd6 9. Bf4 Qe7+ 10. Be2 Ngf6 11. O-O O-O 12. Bd3 Rfe8 13. Rfe1 Qf8 14. g4 g6
15. Be5 Re6 16. Qg3 Nxe5 17. dxe5 Rae8 18. f4 Bc5+ 19. Kh1 Nd7 20. Re2 f6 21.
Bf5 R6e7 22. Bxd7 Rxd7 23. e6 Rg7 24. Rae1 f5 25. g5 b5 26. Nd1 Qd6 27. Nf2
Rge7 28. Nd3 Bd4 29. c3 Bg7 30. Qe3 d4 31. cxd4 Bxd4 32. Qf3 Rxe6 33. Rxe6 Rxe6
34. Rd1 Re3 35. Qf1 Qd5+ 36. Qg2 Rxh3# 0-1

[Event "2. Open Patrimonio de la Humanidad"]
[Site "Alcalá de Henares ESP"]
[Date "2007.10.09"]
[Round "3.41"]
[White "Benito Mellado, Humberto"]
[Black "Cuadrado Lopez, Francisco Javier"]
[Result "0-1"]
[WhiteElo "1635"]
[BlackElo "1952"]
[PlyCount "90"]
[EventDate "2007.10.07"]
[EventType "swiss"]
[EventRounds "9"]
[EventCountry "ESP"]
[Source "lmi"]
[SourceDate "2007.10.07"]

1. d4 Nf6 2. c4 g6 3. g3 Bg7 4. Bg2 O-O 5. e4 d6 6. Ne2 e5 7. dxe5 dxe5 8. Qxd8
Rxd8 9. O-O Be6 10. b3 Na6 11. Nbc3 c6 12. Rd1 Rxd1+ 13. Nxd1 Rd8 14. Ndc3 Nb4
15. Be3 Nc2 16. Rd1 Rxd1+ 17. Nxd1 Nxe3 18. Nxe3 Bf8 19. Nc1 Nd7 20. h3 h5 21.
Nd3 f6 22. g4 Nc5 23. Nb2 Bh6 24. gxh5 gxh5 25. Nf5 Bc1 26. Nd1 Bxf5 27. exf5
Kg7 28. Bf3 Kh6 29. h4 Nd3 30. Kf1 Ba3 31. Ke2 Nc1+ 32. Kd2 Nxa2 33. Ne3 Bb4+
34. Kd3 Be1 35. Nd1 Bb4 36. Be4 Nc1+ 37. Kc2 Ne2 38. Nb2 Nd4+ 39. Kb1 Nxb3 40.
Nd3 Nd2+ 41. Kc2 Nxe4 42. Nxb4 Nxf2 43. Kd2 Ne4+ 44. Ke3 Nd6 45. Nd3 Nxc4+ 0-1

[Event "2. Open Patrimonio de la Humanidad"]
[Site "Alcalá de Henares ESP"]
[Date "2007.10.09"]
[Round "3.42"]
[White "Garcia-Sanchez Navarro, Mariano"]
[Black "Camarero Izquierdo, Juan Carlos"]
[Result "0-1"]
[WhiteElo "1577"]
[BlackElo "2008"]
[PlyCount "104"]
[EventDate "2007.10.07"]
[EventType "swiss"]
[EventRounds "9"]
[EventCountry "ESP"]
[Source "lmi"]
[SourceDate "2007.10.07"]

1. f4 d5 2. Nf3 Nf6 3. e3 Bg4 4. Be2 e6 5. b3 Bc5 6. Bb2 O-O 7. O-O Nbd7 8. Nc3
a6 9. Qe1 Nh5 10. h3 Bxf3 11. Bxf3 Nhf6 12. Ne2 c6 13. Ng3 Qc7 14. Nh5 Nxh5 15.
Bxh5 f5 16. Qg3 Nf6 17. Be2 Ne4 18. Qe1 Bb4 19. c3 Be7 20. d3 Nd6 21. Rf3 Bf6
22. Rd1 Nb5 23. a4 Nd6 24. h4 e5 25. fxe5 Bxe5 26. d4 Bf6 27. Ba3 Be7 28. Bd3
Qd8 29. Qg3 Ne4 30. Bxe4 dxe4 31. Bxe7 Qxe7 32. Rf2 c5 33. d5 Rad8 34. c4 Rd6
35. Rdf1 Rdf6 36. Qg5 h6 37. Qh5 Qe5 38. Qd1 Qc3 39. d6 Qxe3 40. Re1 Qd4 41.
Qxd4 cxd4 42. c5 e3 43. Rfe2 f4 44. Rd1 Rf5 45. b4 a5 46. Rxd4 axb4 47. Rc4 Rc8
48. Re4 g5 49. d7 Rd8 50. Re8+ Rf8 51. Re7 Ra8 52. Ra2 Rfd8 0-1